|
|
|
|
| LEADER |
00725nam a2200205ra 4500 |
| 001 |
c000415210 |
| 003 |
CARM |
| 005 |
00000000000000.0 |
| 008 |
920703q19001992enk 000 0 eng d |
| 019 |
1 |
|
|a 9097299
|
| 040 |
|
|
|a VDU
|c VDU
|
| 082 |
0 |
4 |
|a 820.912
|
| 100 |
1 |
|
|a Spender, John A.
|q (John Alfred),
|d 1862-1942.
|
| 245 |
1 |
4 |
|a The comments of Bagshot /
|c John Alfred Spender.
|
| 260 |
|
|
|a London :
|b Dent,
|c [19--]
|
| 300 |
|
|
|a 266 p.
|
| 500 |
|
|
|a Witty comments on life and its happenings.
|
| 852 |
8 |
|
|b CARM
|h A3:AF06A0
|i A05629
|p 0566543
|f BK
|
| 999 |
f |
f |
|i a09f4cfe-c67a-58fb-8043-c7a29727d5a8
|s b7aba80d-1da9-59e3-bf0c-05c4a7276851
|
| 952 |
f |
f |
|p Can circulate
|a CAVAL
|b CAVAL
|c CAVAL
|d CARM 1 Store
|e A05629
|f A3:AF06A0
|h Other scheme
|i book
|m 0566543
|